El Cos de Mossos d'Esquadra
Publicado:
Barcelona :
Diputació de Barcelona. Servei de Premsa. Oficina de Premsa, Informació i Edicions ,
1980
Descripción Física:
35 p. ; 29 cm
Colección:
Documents ; 1
MARC
| LEADER | 00000nam a2200000Ia 4500 | ||
|---|---|---|---|
| 001 | 22364 | ||
| 008 | 160829s1980 xx 000 0 cat d | ||
| 080 | |a FU-55-9 | ||
| 245 | |a El Cos de Mossos d'Esquadra | ||
| 260 | |a Barcelona : |b Diputació de Barcelona. Servei de Premsa. Oficina de Premsa, Informació i Edicions, |c 1980 | ||
| 300 | |a 35 p. ; |c 29 cm | ||
| 490 | |a Documents ; 1 | ||
| 590 | |a Prové de C-5 | ||
| 610 | 0 | |a Catalunya. |b Mossos d'Esquadra |x Història |9 54629 | |
| 710 | 1 | |a Barcelona (Catalunya : Província). |b Oficina de Premsa, Informació i Edicions |9 54969 | |
| 901 | |a Arxiu | ||
| 942 | |n 1 | ||
| 952 | |0 0 |1 0 |4 0 |6 FU559 |7 1 |9 53814 |a Arxiu |b Arxiu |d 2016-12-01 |l 0 |o FU-55-9 |p 22364 |r 2016-12-01 00:00:00 |w 2016-12-01 |y ARXIU | ||
| 999 | |c 57680 |d 57680 | ||